La donna tutrice: modelli culturali e prassi giuridica fra gli antonini e i severi
Saved in:
| Main Author: | |
|---|---|
| Format: | Book |
| Language: | Italian |
| Published: |
Nápoles
Jovene
1979
|
| Series: | Pubblicazioni della Falcolta Giuridica dell'Universita di Bari, 49
|
| Subjects: | |
| Tags: |
Add Tag
No Tags, Be the first to tag this record!
|
MARC
| LEADER | 00000nam a2200000 a 4500 | ||
|---|---|---|---|
| 001 | UCV2284 | ||
| 003 | CL-VaPUC | ||
| 008 | 920424e19790000IT |||||||||||||||||ita|d | ||
| 082 | 0 | 4 | |a 346.013 |b MAS |2 21 |
| 100 | |a Masiello, Tommaso |e autor |9 296572 | ||
| 245 | 1 | 3 | |a La donna tutrice: modelli culturali e prassi giuridica fra gli antonini e i severi |
| 300 | |a 107 p | ||
| 942 | |c BK | ||
| 945 | |d 19920424 00:00:00 | ||
| 260 | |a Nápoles |b Jovene |c 1979 | ||
| 650 | 0 | |a Mujeres |9 257649 | |
| 650 | 0 | |a Condiciones sociales |9 257278 | |
| 650 | 7 | |a SITUACION LEGAL |2 CL-VaPUC |9 255565 | |
| 583 | |a last modification |c 19920424 00:00:00 |k Rodrigo Vera | ||
| 490 | 0 | |a Pubblicazioni della Falcolta Giuridica dell'Universita di Bari, 49 | |
| 999 | |c 209925 |d 209923 | ||
| 952 | |0 0 |1 0 |4 0 |6 346_013000000000000_MAS_1979 |7 0 |8 DER_ROM |9 185819 |a BIBDER |b BIBDER |d 2019-11-14 |i 2532484 |o 346.013 MAS 1979 |p 2532484 |r 2023-01-25 |w 2019-11-14 |x Ubicación 4to piso |y BK |z Este recurso debe solicitarse con anticipación |k DER | ||